世界の1人当たりGDPランキング - Statistics

General Stats
  • This quiz has been taken 277 times
  • The average score is 36 of 50
Answer Stats
順位 国名 単位:US$ % Correct
7 米国 85,812
100%
38 日本 32,498
99%
17 ドイツ 54,990
94%
33 韓国 36,129
94%
26 フランス 46,204
91%
18 カナダ 54,473
90%
34 スペイン 35,092
89%
6 ノルウェー 86,611
88%
12 オーストラリア 66,248
88%
21 フィンランド 53,326
88%
22 イギリス 52,648
88%
28 イタリア 40,224
87%
14 スウェーデン 57,625
85%
46 ポルトガル 28,918
85%
3 スイス 104,523
83%
15 オーストリア 56,915
83%
9 デンマーク 72,042
82%
11 オランダ 68,393
82%
16 ベルギー 56,271
82%
31 アルバ(蘭) 36,386
82%
4 シンガポール 90,674
81%
8 マカオ 72,907
80%
37 台湾 33,437
80%
48 ポーランド 24,810
80%
1 ルクセンブルク 138,634
79%
24 ニュージーランド 48,310
76%
2 アイルランド 106,456
75%
5 アイスランド 87,205
75%
23 アラブ首長国連邦 48,830
75%
40 チェコ 31,543
75%
43 サウジアラビア 30,746
75%
49 ギリシャ 24,716
75%
47 スロバキア 25,925
70%
41 エストニア 31,174
68%
10 カタール 71,583
67%
35 スロベニア 34,117
65%
44 リトアニア 29,339
65%
19 イスラエル 54,192
64%
13 サンマリノ 60,263
60%
20 香港 54,034
60%
30 プエルトリコ(米) 37,928
60%
39 クウェート 31,641
59%
25 アンドラ 46,359
58%
27 マルタ 43,992
55%
45 バーレーン 29,036
54%
29 キプロス 38,625
40%
36 ブルネイ 34,044
38%
32 バハマ 36,167
23%
42 ガイアナ 30,962
16%
50 バルバドス 24,644
15%
No matching quizzes found
Score Distribution
Percent of People with Each Score
Percentile by Number Answered
Your Score History
You have not taken this quiz